000 00712namaa2200205 i 4500
001 178905
003 ES-MaACL
005 20250901041016.0
008 110808s1875 fr | |||| ||fre d
080 _a159.942
100 1 _aDumont, Léon.
_9147525
245 1 0 _aThéorie scientifique de la sensibilité
_b: Le plaisir et la peine /
_cpar Léon Dumont.
260 _aParis :
_bLibrairie Germer Baillière,
_c1875.
300 _a268 p. ;
_c22 cm.
490 1 _aBibliothèque scientifique internationale ;
_v12
650 7 _aEmociones y sentimientos
_2embne
_912196
830 0 _aBibliothèque scientifique internationale ;
_v12
_9186949
852 _aES-MaACL
_jF-14342
999 _c178905
_d178905